Argentina City Quiz - Statistics

General Stats
  • This quiz has been taken 27 times
  • The average score is 9 of 16
Answer Stats
City % Correct
Buenos Aires
100%
Cordoba
100%
Rosario
89%
La Plata
74%
Salta
63%
Mar del Plata
58%
Mendoza
58%
San Miguel de Tucuman
53%
Santa Fe
53%
Santiago del Estero
42%
Corrientes
37%
Resistencia
37%
Neuquen
32%
Posadas
32%
San Juan
32%
San Salvador de Jujuy
26%
No matching quizzes found
Score Distribution
Percent of People with Each Score
Percentile by Number Answered
Your Score History
You have not taken this quiz